[Event "Challenge"]
[Site "http://www.queenalice.com/game.php?id=572447"]
[Date "2009.4.15"]
[Round "-"]
[White "ponfarr"]
[Black "genie"]
[Result "0-1"]
[WhiteElo "1356"]
[BlackElo "1628"]

1. e4 g6 2. d3 Bg7 3. Nf3 c5 4. Bg5 Qa5+ 5. Nc3 Nc6 6. Be2 Nf6 7. d4 O-O 8. e5
Ne4 9. O-O Nxg5 10. Nxg5 cxd4 11. Nce4 Qxe5 12. Bd3 d5 13. Qf3 h6 14. h4 hxg5
15. Nxg5 f6 16. Bxg6 fxg5 17. Qh5 Rf4 18. g3 Rf5 19. Qh7+ Kf8 20. Rae1 Qf6 21.
Bxf5 Bxf5 22. Qh5 gxh4 23. g4 Bg6 24. Qxd5 Bxc2 25. Qd7 Qf4 26. Qxb7 Qxg4+ 27.
Kh2 Be5+ 28. Rxe5 Qf4+ 29. Kg2 Nxe5 30. Qxa8+ Kf7 31. Qc8 Be4+ 0-1

[Event "Let's Play Chess!"]
[Site "http://www.queenalice.com/game.php?id=585134"]
[Date "2009.5.8"]
[Round "-"]
[White "pegasususa"]
[Black "genie"]
[Result "0-1"]
[WhiteElo "1402"]
[BlackElo "1561"]

1. e4 g6 2. Nf3 Bg7 3. c3 c5 4. Be2 Nc6 5. O-O d6 6. d3 Nf6 7. Re1 O-O 8. g3 h6
9. h4 Bh3 10. Bf4 Qb6 11. Qc2 Ng4 12. d4 cxd4 13. Rd1 d3 14. Qd2 Qxf2+ 15. Kh1
Qg2# 0-1

[Event "Let's Play Chess!"]
[Site "http://www.queenalice.com/game.php?id=585135"]
[Date "2009.5.8"]
[Round "-"]
[White "pegasususa"]
[Black "genie"]
[Result "0-1"]
[WhiteElo "1362"]
[BlackElo "1610"]

1. e4 g6 2. Nf3 Bg7 3. c3 c5 4. Be2 d5 5. exd5 Nf6 6. O-O Qxd5 7. Re1 O-O 8. d4
Rd8 9. a3 cxd4 10. Nxd4 e5 11. Be3 exd4 12. Bxd4 Nc6 13. Bf3 Qc4 14. Nd2 Qa6 15.
Be3 Be6 16. g3 Ne5 17. Bg2 Nfg4 18. Bf4 Nd3 19. Re4 Ndxf2 20. Qe2 Qb6 21. Rb4
Nd3+ 22. Rxb6 axb6 23. Bc7 Rd7 24. Bxb6 Ra6 25. Be3 Nxe3 26. Qxe3 Nxb2 27. Rb1
Rxa3 0-1

[Event "Let's Play Chess!"]
[Site "http://www.queenalice.com/game.php?id=585158"]
[Date "2009.5.8"]
[Round "-"]
[White "igorjava"]
[Black "genie"]
[Result "0-1"]
[WhiteElo "1948"]
[BlackElo "1558"]

1. e4 g6 2. f4 e6 3. Nf3 Bg7 4. d4 c5 5. f5 cxd4 6. Nxd4 Qh4+ 7. Ke2 Qxe4+ 8.
Kf2 Bxd4+ 9. Kg3 g5 10. Nc3 Qh4+ 11. Kf3 Qf2+ 12. Ke4 Nc6 13. Qe2 Qxf5# 0-1

[Event "Challenge"]
[Site "http://www.queenalice.com/game.php?id=585234"]
[Date "2009.5.8"]
[Round "-"]
[White "whyBish"]
[Black "genie"]
[Result "1-0"]
[WhiteElo "2136"]
[BlackElo "1652"]

1. f4 f5 2. e4 fxe4 3. d3 Nf6 4. Nc3 exd3 5. Bxd3 d6 6. Nf3 e5 7. fxe5 dxe5 8.
Nxe5 Qe7 9. O-O Qc5+ 10. Kh1 Bd6 11. Nc4 Be7 12. Be3 Qc6 13. Qd2 O-O 14. Rf3 Bg4
15. Rg3 Nbd7 16. Rf1 b5 17. Na5 Qe6 18. Bxb5 Kh8 19. h3 Bd6 20. Bc4 Qe5 21. Bf4
Qxa5 22. hxg4 Nxg4 23. Be6 Bxf4 24. Rxf4 Rxf4 25. Qxf4 Ngf6 26. Bxd7 Nxd7 27.
Qf7 Qe5 28. Ne4 Rd8 29. Rg5 Qxb2 30. c3 Rg8 31. Qf4 Rf8 32. Rf5 Qa1+ 33. Kh2
Rxf5 34. Qxf5 Qd1 35. Nc5 Qd6+ 36. Kh1 Nxc5 37. Qc8+ 1-0

[Event "Challenge"]
[Site "http://www.queenalice.com/game.php?id=585235"]
[Date "2009.5.8"]
[Round "-"]
[White "genie"]
[Black "whyBish"]
[Result "1-0"]
[WhiteElo "1620"]
[BlackElo "2171"]

1. e4 c5 2. Nc3 g6 3. g3 Bg7 4. Bg2 Nc6 5. Nge2 d6 6. O-O Nf6 7. d3 O-O 8. Bg5
h6 9. Be3 a6 10. Qd2 Kh7 11. h3 Bd7 12. f4 b5 13. f5 e6 14. fxg6+ fxg6 15. a3 b4
16. axb4 Nxb4 17. e5 Nfd5 18. Nxd5 Nxd5 19. Rxf8 Bxf8 20. c4 Nxe3 21. Bxa8 Nxc4
22. dxc4 Qxa8 23. Rf1 Kg7 24. Qf4 Qe8 25. Qf6+ Kg8 26. Nf4 Bg7 27. Qxg6 dxe5 28.
Qxe8+ Bxe8 29. Nxe6 e4 30. Nxg7 Kxg7 31. Rf5 Ba4 32. Re5 Bc2 33. Kf2 Kf6 34.
Rxc5 Bd3 35. b4 Ke6 36. Ke3 Kd6 37. Kd4 Ke6 38. Rc6+ Kf5 39. Rxa6 Kg5 40. b5 Bf1
41. b6 e3 42. b7 e2 43. b8=Q e1=Q 44. Qf4+ Kh5 45. Rxh6# 1-0

[Event "gam67"]
[Site "http://www.queenalice.com/game.php?id=604549"]
[Date "2009.6.16"]
[Round "-"]
[White "spin"]
[Black "genie"]
[Result "0-1"]
[WhiteElo "1780"]
[BlackElo "1650"]

1. e4 g6 2. Nc3 Bg7 3. Qf3 Nc6 4. g4 e6 5. Nb5 a6 6. Nc3 Nd4 7. Qd3 b5 8. Nf3 c5
9. Nxd4 Bxd4 10. b3 b4 11. Bb2 bxc3 12. dxc3 Be5 13. O-O-O Qf6 14. f3 c4 15.
bxc4 Rb8 16. c5 Qd8 17. c6 Bf4+ 18. Kb1 Nf6 19. c4 Be5 20. c3 Qb6 21. cxd7+ Bxd7
22. g5 Qxb2# 0-1

[Event "gam68"]
[Site "http://www.queenalice.com/game.php?id=604550"]
[Date "2009.6.16"]
[Round "-"]
[White "genie"]
[Black "spin"]
[Result "1-0"]
[WhiteElo "1671"]
[BlackElo "1747"]

1. e4 e5 2. Nc3 Nc6 3. f4 Qh4+ 4. g3 Qf6 5. Nf3 exf4 6. Nd5 Qd6 7. d3 fxg3 8.
Bf4 Qg6 9. Nh4 g2 10. Bxg2 Qe6 11. Nxc7+ Kd8 12. Nxe6+ fxe6 13. Qf3 Nd4 14. Qd1
Be7 15. Nf3 Nc6 16. O-O h6 17. Ne5 Nxe5 18. Bxe5 Rh7 19. c4 d6 20. Bg3 e5 21. d4
exd4 22. Qxd4 Kd7 23. Rf7 Ke8 24. Raf1 Bf6 25. Qd5 Ne7 26. Rxe7+ Kxe7 27. Bxd6+
Ke8 28. e5 Bg5 29. Rf8+ Kd7 30. Bh3# 1-0

[Event "Let's Play Chess!"]
[Site "http://www.queenalice.com/game.php?id=604552"]
[Date "2009.6.16"]
[Round "-"]
[White "Motorhead"]
[Black "genie"]
[Result "0-1"]
[WhiteElo "1696"]
[BlackElo "1634"]

1. e4 g6 2. d4 Bg7 3. Nc3 c5 4. Nf3 cxd4 5. Nxd4 Nc6 6. Be3 Nf6 7. Bc4 O-O 8.
Bb3 d6 9. f3 Bd7 10. Qd2 Rc8 11. O-O-O Ne5 12. h4 Nc4 13. Bxc4 Rxc4 14. h5 Nxh5
15. g4 Nf6 16. Nb3 Rc8 17. Qh2 h5 18. Nd5 e6 19. Nxf6+ Qxf6 20. gxh5 Qxb2+ 21.
Kd2 Rxc2+ 0-1

[Event "Challenge"]
[Site "http://www.queenalice.com/game.php?id=615308"]
[Date "2009.7.8"]
[Round "-"]
[White "whyBish"]
[Black "genie"]
[Result "1-0"]
[WhiteElo "2130"]
[BlackElo "1695"]

1. e4 c5 2. c3 d5 3. exd5 Nf6 4. c4 g6 5. Nc3 Bg7 6. d4 b6 7. dxc5 bxc5 8. Be3
Na6 9. Bd3 O-O 10. h3 Re8 11. Nf3 Bd7 12. Rb1 Nb4 13. Rc1 Nxd3+ 14. Qxd3 Qb6 15.
b3 Bf5 16. Qe2 e6 17. dxe6 Rxe6 18. O-O Bh6 19. g4 Bxg4 20. hxg4 Bxe3 21. fxe3
Nxg4 22. Nd5 Qd6 23. Ng5 Qg3+ 24. Qg2 Qxg2+ 25. Kxg2 Nxe3+ 26. Nxe3 Rxe3 27.
Nxf7 Re2+ 28. Kg3 Rxa2 29. Rc3 Rf8 30. Rcf3 Ra3 31. Nh6+ Kg7 32. Rxf8 Kxh6 33.
Kg4 Rxb3 34. R8f7 1-0

[Event "Challenge"]
[Site "http://www.queenalice.com/game.php?id=615309"]
[Date "2009.7.8"]
[Round "-"]
[White "genie"]
[Black "whyBish"]
[Result "1-0"]
[WhiteElo "1693"]
[BlackElo "2118"]

1. e4 c5 2. Nc3 g6 3. g3 Bg7 4. Bg2 Nc6 5. d3 d6 6. Nf3 a6 7. O-O Nf6 8. Nd5 e6
9. Nxf6+ Qxf6 10. Rb1 h6 11. Bf4 Qe7 12. Qd2 Bd7 13. Rfe1 O-O-O 14. c3 e5 15.
Be3 f5 16. b4 fxe4 17. dxe4 b5 18. Bf1 Be6 19. bxc5 dxc5 20. Qb2 Rd7 21. Bxb5
axb5 22. Qxb5 Rc7 23. Bxc5 Qf7 24. Red1 Rd8 25. Qa6+ Rb7 26. Qxc6+ 1-0

[Event "Challenge"]
[Site "http://www.queenalice.com/game.php?id=639550"]
[Date "2009.8.20"]
[Round "-"]
[White "whyBish"]
[Black "genie"]
[Result "0-1"]
[WhiteElo "2044"]
[BlackElo "1721"]

1. e4 c5 2. c4 Nc6 3. Nf3 d6 4. Nc3 Nf6 5. d4 cxd4 6. Nxd4 e6 7. Be3 Be7 8. Be2
O-O 9. f4 e5 10. Nf5 exf4 11. Bxf4 Bxf5 12. exf5 Qb6 13. Qd2 Rad8 14. O-O-O Rfe8
15. g4 Nd7 16. Nd5 Qc5 17. Nxe7+ Nxe7 18. Bxd6 Qc6 19. Bg3 b5 20. Qc3 Nxf5 21.
Bf3 Qh6+ 22. Kb1 Nxg3 23. hxg3 Qg6+ 24. Ka1 bxc4 25. Qxc4 Rc8 26. Qa4 Ne5 27.
Rde1 f6 28. Bd5+ Kh8 29. Be4 Qxg4 30. Bxh7 Qxa4 31. Bc2+ Kg8 32. Bxa4 Red8 33.
Bb3+ Kf8 34. Rh8+ Ke7 35. Rh7 Kf8 36. g4 Rc5 37. g5 f5 38. a3 f4 39. Re4 Ng6 40.
Rh5 f3 41. Be6 f2 42. Rh1 Rd2 43. Re3 Rxg5 44. Rf3+ Ke7 0-1